| 000 | 02953nam0a2200385 4500 | ||
|---|---|---|---|
| 001 | RU\NLR\BIBL_A\022509827 | ||
| 005 | 20250707125301.0 | ||
| 010 |
_a978-5-7831-2495-2 _9100 |
||
| 021 |
_aRU _bКН-П-25-006789 _9КН-П-25-0667 |
||
| 035 | _a(NLR Aleph) 022509827 | ||
| 090 |
_a13450180 _c13450180 |
||
| 100 | _a20250402d2024 k y0rusy50 ca | ||
| 101 | 0 | _arus | |
| 102 | _aRU | ||
| 105 | _aa|||z|||100zy | ||
| 181 | 0 |
_ai3 _baxxe |
|
| 182 | 0 | _an | |
| 200 | 1 |
_aСовременные проблемы национальной экономики _eсборник трудов Всероссийской научной видеоконференции студентов, аспирантов и молодых ученых, 22 октября 2024 года _fМинистерство науки и высшего образования Российской Федерации, Федеральное государственное бюджетное образовательное учреждение высшего образования "Уфимский государственный нефтяной технический университет" _gредакционная коллегия: И. И. Фазрахманов (отв. редактор), Ю.П. Васильева (отв. редактор) [и др.] |
|
| 203 |
_aТекст _bвизуальный _cнепосредственный |
||
| 210 |
_aУфа _cИзд-во УГНТУ _d2024 |
||
| 215 |
_a215 с. _cил. _d21 |
||
| 300 | _aНа обл. подзаг.: материалы Всероссийской научной видеоконференции студентов, аспирантов и молодых ученых | ||
| 320 | _aБиблиогр. в конце ст. | ||
| 606 | 1 |
_aНациональная экономика _yРоссийская Федерация _jСъезды, совещания и т.п _2nlr_sh1 _2nlr_sh2 _3RU\NLR\AUTH\661285519 |
|
| 686 | 1 | _aУ03(2Р)74я431 | |
| 702 | 1 |
_aФазрахманов _bИ. И. _cканд. экон. наук _f1980- _gИльвир Ильдусович _3RU\NLR\AUTH\770268078 _4340 |
|
| 702 | 1 |
_aВасильева _bЮ. П. _cканд. экон. наук _f1978- _gЮлия Павловна _3RU\NLR\AUTH\77102807 _4340 |
|
| 711 | 1 | 2 |
_a"Современные проблемы национальной экономики", всероссийская научная видеоконференция с международным участием студентов, аспирантов и молодых ученых _f2024 _eУфа _3RU\NLR\AUTH\880626311 |
| 712 | 0 | 2 |
_aУфимский государственный нефтяной технический университет _3RU\NLR\AUTH\889985446 _4475 |
| 942 | _cBOOK | ||
| 980 | _aNB | ||
| 980 | _aNB | ||